| 000 | 00862nam a2200265Ia 4500 | ||
|---|---|---|---|
| 003 | OSt | ||
| 005 | 20220926024837.0 | ||
| 006 | a|||||r|||| 00| 0 | ||
| 007 | ta | ||
| 008 | 220923b |||||||| |||| 00| 0 eng d | ||
| 020 |
_a0198272677 _c32.50 |
||
| 037 |
_b2577, 25/10/1990, Uppal _cGeneral Book |
||
| 040 |
_aRTL _cRTL _beng |
||
| 041 |
_2eng _aeng |
||
| 082 | _aX9(F551):97.3.N8, M9 | ||
| 100 |
_aEdwards Christine _9331539 |
||
| 245 | 0 |
_aManagement control and union power _b A study of lab |
|
| 260 |
_aOxford _bClarendon Press _c1989 |
||
| 300 |
_axi,276p _ccm. |
||
| 500 | _aBibp. 257-264;Appendixp. 265-269 | ||
| 650 |
_aCoal Industry _9229957 |
||
| 700 |
_a Heery Edmund _9331540 |
||
| 942 |
_hX9(F551):97.3.N8, M9 _cGB _2CC |
||
| 999 |
_c645654 _d645654 |
||